Statistics for Genshin Characters

Click here to take the quiz!

General Stats

  • This quiz has been taken 156 times
  • The average score is 37 of 49

Answer Stats

ElementWeaponAnswer% Correct
CryoSwordKaeya
92%
CryoBowDiona
89%
CryoBowGanyu
89%
PyroBowAmber
87%
GeoPolearmZhongli
86%
AnemoSwordJean
85%
ElectroCatalystLisa
85%
ElectroPolearmRaiden Shogun
84%
AnemoBowVenti
84%
CryoClaymoreChongyun
83%
PyroClaymoreDiluc
82%
CryoClaymoreEula
82%
AnemoPolearmXiao
82%
ElectroClaymoreBeidou
81%
HydroCatalystMona
81%
GeoCatalystNingguang
81%
CryoSwordQiqi
80%
ElectroSwordKeqing
79%
PyroCatalystYanfei
79%
HydroBowTartaglia
78%
GeoSwordAlbedo
77%
CryoSwordKamisato Ayaka
77%
HydroSwordKamisato Ayato
76%
PyroCatalystKlee
76%
CryoPolearmShenhe
76%
PyroPolearmXiangling
76%
ElectroBowFischl
75%
GeoBowGorou
75%
CryoPolearmRosaria
75%
PyroSwordBennett
74%
GeoClaymoreNoelle
74%
AnemoClaymoreSayu
74%
HydroSwordXingqiu
74%
AnemoCatalystSucrose
73%
GeoClaymoreArataki Itto
72%
ElectroCatalystYae Miko
72%
CryoBowAloy
71%
PyroClaymoreXinyan
71%
PyroBowYoimiya
71%
ElectroBowKujou Sara
70%
PyroPolearmHu Tao
68%
ElectroClaymoreRazor
68%
PyroPolearmThoma
68%
GeoPolearmYun Jin
68%
HydroCatalystSangonomiya Kokomi
60%
GeoSwordTraveler
58%
ElectroSwordTraveler
58%
AnemoSwordTraveler
58%
AnemoSwordKaedehara Kazuha
57%

Score Distribution

Percentile by Number Answered

Percent of People with Each Score

Your Score History

You have not taken this quiz